| 000 | 00714nab a2200217 a 4500 | ||
|---|---|---|---|
| 005 | 20210219161848.0 | ||
| 008 | 991125s1985 mx 000 0 spa u | ||
| 035 | _aUPN01000193130 | ||
| 100 | 1 | _aNúñez del Río, María Cristina | |
| 222 | _aREVISTA ESPAÑOLA DE PEDAGOGIA | ||
| 245 | _aEvaluación del pensamiento matemático temprano en alumnos con déficit intelectual mediante la prueba TEMA-2 | ||
| 260 | _aMadrid, España | ||
| 300 | _a547-566 | ||
| 362 | 0 | _a2003, Vol. 61, no. 226 (sept.-dic.) | |
| 653 | 0 | _aPENSAMIENTO MATEMATICO | |
| 653 | 0 | _aDISCAPACIDAD INTELECTUAL | |
| 653 | 0 | _aPRUEBAS MATEMATICAS | |
| 653 | 0 | _aESPAÑA | |
| 700 | 1 |
_aLozano Guerra, Isabel, _ecoaut. |
|
| 905 | _aArticulo | ||
| 999 |
_c165231 _d165231 |
||